Sports Quiz

Random Sports or Baseball Quiz
Score 0/150 Timer 15:00
0 Plays Today
Hint Answer % Correct
2013Clayton Kershaw
99.6%
2013Clayton Kershaw
99.6%
2012Justin Verlander
99.6%
2012Clayton Kershaw
99.6%
2011Justin Verlander
99.6%
2011Justin Verlander
99.6%
2011Justin Verlander
99.6%
2011Clayton Kershaw
99.6%
2011Clayton Kershaw
99.6%
2011Clayton Kershaw
99.6%
2009Justin Verlander
99.6%
2009Justin Verlander
99.6%
2012David Price
98.9%
2012David Price
98.9%
2006Aaron Harang
98.9%
1998Roger Clemens
98.9%
2010C.C Sabathia
98.5%
2010Josh Johnson
98.5%
2008Cliff Lee
98.5%
2008Cliff Lee
98.5%
2005Roger Clemens
98.5%
2004Randy Johnson
98.5%
2003Pedro Martinez
98.5%
2002Pedro Martinez
98.5%
2002Pedro Martinez
98.5%
2002Randy Johnson
98.5%
2002Randy Johnson
98.5%
2002Randy Johnson
98.5%
2001Matt Morris
98.5%
2001Randy Johnson
98.5%
2001Randy Johnson
98.5%
2000Pedro Martinez
98.5%
2000Pedro Martinez
98.5%
2000Randy Johnson
98.5%
1999Pedro Martinez
98.5%
1999Pedro Martinez
98.5%
1999Pedro Martinez
98.5%
1999Randy Johnson
98.5%
1999Randy Johnson
98.5%
1998Roger Clemens
98.5%
1998Roger Clemens
98.5%
1997Roger Clemens
98.5%
1997Roger Clemens
98.5%
1997Roger Clemens
98.5%
1997Pedro Martinez
98.5%
1996Roger Clemens
98.5%
1995Randy Johnson
98.5%
1995Randy Johnson
98.5%
1994Randy Johnson
98.5%
1994Ken Hill
98.5%
Hint Answer % Correct
1993Randy Johnson
98.5%
1992Randy Johnson
98.5%
1992Roger Clemens
98.5%
1991Roger Clemens
98.5%
1991Roger Clemens
98.5%
1991Dennis Martinez
98.5%
1990Roger Clemens
98.5%
2010Roy Halladay
98.1%
2010Tim Lincecum
98.1%
2009Tim Lincecum
98.1%
2008Tim Lincecum
98.1%
2003Roy Halladay
98.1%
2000Tom Glavine
98.1%
1998Tom Glavine
98.1%
1998Greg Maddux
98.1%
1995Greg Maddux
98.1%
1995Greg Maddux
98.1%
1994Greg Maddux
98.1%
1993John Burkett
98.1%
1993Greg Maddux
98.1%
1992Tom Glavine
98.1%
1991John Smiley
98.1%
2008Johan Santana
97.8%
2006Chien-Ming Wang
97.8%
2006Johan Santana
97.8%
2006Johan Santana
97.8%
2005Johan Santana
97.8%
2004Curt Schilling
97.8%
2004Johan Santana
97.8%
2004Johan Santana
97.8%
1998Curt Schilling
97.8%
1997Curt Schilling
97.8%
2010Felix Hernandez
97.4%
1996John Smoltz
97.4%
1996John Smoltz
97.4%
1992John Smoltz
97.4%
2013Adam Wainwright
97%
2007Jake Peavy
97%
2007Jake Peavy
97%
2007Jake Peavy
97%
2005Jake Peavy
97%
2004Jake Peavy
97%
2009Adam Wainwright
96.7%
2013Max Scherzer
96.3%
2002Barry Zito
96.3%
2006Roy Oswalt
94.8%
2004Roy Oswalt
94.8%
2009Zack Greinke
93.7%
2009Chris Carpenter
93%
2008Brandon Webb
93%
Hint Answer % Correct
2000Tim Hudson
91.9%
2010Jered Weaver
91.5%
1992Kevin Brown
91.5%
1996Andy Pettitte
90.4%
2012R.A. Dickey
88.9%
2013Yu Darvish
88.5%
2003Kerry Wood
88.5%
2001Mark Mulder
87%
2007Josh Beckett
86.3%
1995Mike Mussina
86.3%
2005Bartolo Colon
85.9%
2012Gio Gonzalez
85.2%
1990Nolan Ryan
85.2%
1989Nolan Ryan
85.2%
2005Dontrelle Willis
84.1%
1991David Cone
83%
1990David Cone
83%
1989Bret Saberhagen
83%
1989Bret Saberhagen
83%
2000Kevin Brown
81.1%
1996Kevin Brown
81.1%
2003Jason Schmidt
79.3%
1990Bob Welch
76.7%
2007John Lackey
76.3%
2007Scott Kazmir
75.6%
1993Jack McDowell
75.2%
2006Aaron Harang
71.5%
2013Anibal Sanchez
71.1%
1990Doug Drabek
69.6%
1989Mike Scott
65.6%
2001Hideo Nomo
61.9%
1995Hideo Nomo
61.9%
1993Jose Rijo
59.6%
1994Jimmy Key
59.3%
2001Freddy Garcia
58.9%
2003Estaban Loaiza
58.5%
1999Mike Hampton
58.5%
2008A.J. Burnett
54.4%
2005Kevin Millwood
53.3%
2003Russ Ortiz
52.2%
1993Kevin Appier
48.5%
1997Denny Neagle
46.7%
1991Bill Gullickson
38.9%
1996Juan Guzman
31.9%
1992Bill Swift
31.5%
1994Andy Benes
30%
1989Scott Garrelts
15.9%
1990Danny Darwin
13%
1994Steve Ontiveros
12.6%
1989Jose DeLeon
11.5%

You're not logged in!

Compare scores with friends on all Sporcle quizzes.
OR
Log In

Sporcle TV

Today on Sporcle TV


Watch our educational content, quiz creation guides, and fun videos on Sporcle TV.

Show Comments

Extras

Top Quizzes Today


Score Distribution

Paid Content

Your Account Isn't Verified!

In order to create a playlist on Sporcle, you need to verify the email address you used during registration. Go to your Sporcle Settings to finish the process.

Report this User

Report this user for behavior that violates our Community Guidelines.

Details: